|
|
|
|
| LEADER |
03305nam a22006615i 4500 |
| 001 |
978-3-319-24474-7 |
| 003 |
DE-He213 |
| 005 |
20151218071721.0 |
| 007 |
cr nn 008mamaa |
| 008 |
150908s2015 gw | s |||| 0|eng d |
| 020 |
|
|
|a 9783319244747
|9 978-3-319-24474-7
|
| 024 |
7 |
|
|a 10.1007/978-3-319-24474-7
|2 doi
|
| 040 |
|
|
|d GrThAP
|
| 050 |
|
4 |
|a QA76.9.D3
|
| 072 |
|
7 |
|a UN
|2 bicssc
|
| 072 |
|
7 |
|a UMT
|2 bicssc
|
| 072 |
|
7 |
|a COM021000
|2 bisacsh
|
| 082 |
0 |
4 |
|a 005.74
|2 23
|
| 245 |
1 |
0 |
|a Data Science
|h [electronic resource] :
|b Second International Conference, ICDS 2015, Sydney, Australia, August 8-9, 2015, Proceedings /
|c edited by Chengqi Zhang, Wei Huang, Yong Shi, Philip S. Yu, Yangyong Zhu, Yingjie Tian, Peng Zhang, Jing He.
|
| 250 |
|
|
|a 1st ed. 2015.
|
| 264 |
|
1 |
|a Cham :
|b Springer International Publishing :
|b Imprint: Springer,
|c 2015.
|
| 300 |
|
|
|a X, 194 p. 60 illus. in color.
|b online resource.
|
| 336 |
|
|
|a text
|b txt
|2 rdacontent
|
| 337 |
|
|
|a computer
|b c
|2 rdamedia
|
| 338 |
|
|
|a online resource
|b cr
|2 rdacarrier
|
| 347 |
|
|
|a text file
|b PDF
|2 rda
|
| 490 |
1 |
|
|a Lecture Notes in Computer Science,
|x 0302-9743 ;
|v 9208
|
| 505 |
0 |
|
|a Mathematical issues in data science -- Big data issues and applications -- Data quality and data preparation -- Data-driven scientific research -- Evaluation and measurement in data service -- Big data mining and knowledge management.- case study of data science -- Social impacts of data science.
|
| 520 |
|
|
|a This book constitutes the refereed proceedings of the Second International Conference on Data Science, ICDS 2015, held in Sydney, Australia, during August 8-9, 2015. The 19 revised full papers and 5 short papers presented were carefully reviewed and selected from 31 submissions. The papers focus on the following topics: mathematical issues in data science; big data issues and applications; data quality and data preparation; data-driven scientific research; evaluation and measurement in data service; big data mining and knowledge management; case study of data science; social impacts of data science.
|
| 650 |
|
0 |
|a Computer science.
|
| 650 |
|
0 |
|a Computer communication systems.
|
| 650 |
|
0 |
|a Software engineering.
|
| 650 |
|
0 |
|a Database management.
|
| 650 |
|
0 |
|a Information storage and retrieval.
|
| 650 |
|
0 |
|a Pattern recognition.
|
| 650 |
1 |
4 |
|a Computer Science.
|
| 650 |
2 |
4 |
|a Database Management.
|
| 650 |
2 |
4 |
|a Information Storage and Retrieval.
|
| 650 |
2 |
4 |
|a Information Systems Applications (incl. Internet).
|
| 650 |
2 |
4 |
|a Pattern Recognition.
|
| 650 |
2 |
4 |
|a Computer Communication Networks.
|
| 650 |
2 |
4 |
|a Software Engineering.
|
| 700 |
1 |
|
|a Zhang, Chengqi.
|e editor.
|
| 700 |
1 |
|
|a Huang, Wei.
|e editor.
|
| 700 |
1 |
|
|a Shi, Yong.
|e editor.
|
| 700 |
1 |
|
|a Yu, Philip S.
|e editor.
|
| 700 |
1 |
|
|a Zhu, Yangyong.
|e editor.
|
| 700 |
1 |
|
|a Tian, Yingjie.
|e editor.
|
| 700 |
1 |
|
|a Zhang, Peng.
|e editor.
|
| 700 |
1 |
|
|a He, Jing.
|e editor.
|
| 710 |
2 |
|
|a SpringerLink (Online service)
|
| 773 |
0 |
|
|t Springer eBooks
|
| 776 |
0 |
8 |
|i Printed edition:
|z 9783319244730
|
| 830 |
|
0 |
|a Lecture Notes in Computer Science,
|x 0302-9743 ;
|v 9208
|
| 856 |
4 |
0 |
|u http://dx.doi.org/10.1007/978-3-319-24474-7
|z Full Text via HEAL-Link
|
| 912 |
|
|
|a ZDB-2-SCS
|
| 912 |
|
|
|a ZDB-2-LNC
|
| 950 |
|
|
|a Computer Science (Springer-11645)
|